000 00616nam a2200241Ia 4500
003 OSt
005 20221005123617.0
006 a|||||r|||| 00| 0
007 ta
008 221004b |||||||| |||| 00| 0 urd d
024 _a9571
037 _cTextual
040 _aCRL
_cCRL
_burd
041 _2urd
_aurd
082 _aO168,2v252, K8
100 _aRizvi Syed Masood Hasan
_9633899
245 0 _aLucknow ka shahi stage
260 _c1968
300 _a240p.
_ccm.
650 _aURDU LITERATURE
942 _hO168,2v252, K8
_cTEXL
_2cc
999 _c1047916
_d1047916